Que es el verso /

Guardado en:
Autor Principal: Obligado, Pedro Miguel
Formato: Libro
Publicado: Buenos Aires : Columba, 1957
Series:Coleccion Esquemas ; 35
Materias:
Etiquetas: Agregar Etiqueta
Sin Etiquetas, Sea el primero en etiquetar este registro!
LEADER 00584nam a22002055a 4500
001 EHU.bham024146
003 AR-BHAM
005 20130507110108.0
008 130507s1957##################000#0#####d
082 4 6 |a 466 
100 1 |a Obligado, Pedro Miguel 
245 1 0 |a Que es el verso /  |c Pedro Miguel Obligado 
260 |a Buenos Aires :  |b Columba,  |c 1957 
300 |a 63 p. 
490 0 |a Coleccion Esquemas ; 35 
500 |a Con Una Seleccion De Poesias Del Autor 
653 |a Literatura 
653 |a Poetica 
653 |a Verso 
859 |a AR-BHAM  |b BIB. HUMANIDADES - General  |h 466  |i OB4  |p 506.93  |t Ej.1